| 000 | 00687cab a2200205 4500 | ||
|---|---|---|---|
| 001 | ABS45191 | ||
| 008 | 090401t1991 xxu||||| |||| 00| 0 eng d | ||
| 035 | _a(Sirsi) u51435 | ||
| 041 | _aeng | ||
| 100 | _aMorris, H. | ||
| 245 | _aSolving disputes | ||
| 260 | _c1991 | ||
| 350 | _a0 | ||
| 490 |
_aSurveyor _v10 October 1991, 11(1) |
||
| 520 | _aExamines the pros and cons of solving disputes by arbitration or Alternative Dispute Resolution (ADR), a technique common in the US. | ||
| 650 | _aALTERNATIVE DISPUTE RESOLUTION | ||
| 690 | _aMANAGEMENT-DISPUTE AVOIDANCE, MANAGEMENT AND RESOLUTION-DISPUTE MANAGEMENT AND RESOLUTION-ARBITRATION | ||
| 942 | _n0 | ||
| 948 | _c04/03/1997 | ||
| 999 |
_c31943 _d31943 |
||